Hiszpański - salon, szukanie domu, układ - Statystyki

Ogólne statystyki
  • Ten quiz został rozwiązany 6 razy
  • Średni wynik to 37 z 75
Statystyki odpowiedzi
Hint Odpowiedź % Poprawnych
dom (f) casa
100%
domek w górach (f) casa de montańa
100%
dom na plaży (f) casa de playa
100%
kuchnia (f) cocina
100%
dupleks (m) duplex
100%
garaż (m) garaje
100%
hipoteka (f) hipoteca
100%
lokalny local
100%
rezydencja (f) residencia
100%
salon (m) salón
100%
sofa (m) sofa
100%
telewizja (f) televisión
100%
opuszczony abandonado
50%
otwieracz do kopert (m) abrecartas
50%
dywan (f) alfombra
50%
wynajmować alquilar
50%
czynsz, wynajem (m) alquiler
50%
głośnik (m) altavoz
50%
mieszkanie (m) apartamento
50%
szafa (m) armario
50%
strych (m) atico
50%
blok mieszkalny (m) bloque de pisos
50%
przycisk (m) botón
50%
dom parterowy (m) bungaló
50%
domek na drzewie (f) casa de arbol
50%
buda dla psa (f) caseta de perro
50%
kominek (f) chimenea
50%
poduszka (m) cojin
50%
jadalnia (m) comedor
50%
zasłony (f) cortinas
50%
obraz (m) cuadro
50%
pokój, sypialnia (m) cuarto
50%
łazienka (m) cuarto de bańo
50%
szkoda (m) dańo
50%
nieporządny, zagracony desordenado
50%
nieuporządkowany desorganizado
50%
wejście (f) entrada
50%
półka (m) estante
50%
regał (f) estanteria
50%
studio, gabinet (m) estudio
50%
pokój, sypialnia (f) habitación
50%
pokój gościnny (f) habitación de invitados
50%
dom (m) hogar
50%
wazon (m) jarrón
50%
lampa (f) lampara
50%
lampa podłogowa (f) lampara de pie
50%
biblioteczka (f) libreria
50%
pilot (m) mando a distancia
50%
stół (f) mesa
50%
stojak na parasole (m) paraguero
50%
korytarz (m) pasillo
50%
dziedziniec, podwórze (m) patio
50%
piętro, mieszkanie (m) piso
50%
składany plegable
50%
ganek, weranda (m) porche
50%
portal (m) portal
50%
prywatny privado
50%
salon (f) sala de estar
50%
krzesło (f) silla
50%
fotel (m) sillón
50%
piwnica (m) sótano
50%
telewizor (m) televisor
50%
dom na wsi (f) casa de campo
0%
łódź mieszkalna (f) casa flotante
0%
przyczepa kempingowa (f) casa rodante
0%
dom wolnostojący (m) chale
0%
najemca (m) inquilino
0%
rezydencja (f) mansión
0%
stolik kawowy (f) mesa baja
0%
wykładzina dywanowa (f) moqueta
0%
tapeta (m) papel pintado
0%
właściciel (m) propietario
0%
hol (m) recibidor
0%
gablota (f) vitrina
0%
miejsce zamieszkania (f) vivienda
0%
Nie znaleziono quizów pasujących do podanych kryteriów
Rozkład punktacji
Procent ludzi z każdym wynikiem
Percentyl według liczby udzielonych odpowiedzi
Twoja historia wyników
Nie rozwiązałeś tego quizu